| 000 | 00649am a2200241a 44500 | ||
|---|---|---|---|
| 003 | AR-BaBNM | ||
| 005 | 20251128203202.0 | ||
| 008 | 134019s1953 Arg|||||||||||000 | esp|| | ||
| 040 | _cAR-BaBNM | ||
| 100 | 1 | _aLiberal, José R. | |
| 245 | 1 | 0 |
_aEva Perón _bestudio literario y valoración sociológica de "La razón de mi vida" |
| 260 |
_aBuenos Aires _bEspiño _c1953 |
||
| 300 |
_a220 p. _bláms. |
||
| 650 | 4 | _aHISTORIA ARGENTINA | |
| 650 | 4 | _aHISTORIA POLITICA ARGENTINA | |
| 650 | 4 | _aPOBRES | |
| 650 | 4 | _aJUSTICIA SOCIAL | |
| 650 | 4 | _aSINDICALISMO | |
| 650 | 4 | _aNACIONALISMO | |
| 653 | _aPERONISMO | ||
| 942 | _cBK | ||
| 998 | _cGiles | ||
| 999 |
_c2288 _d2288 |
||